000 00198 a2200097 4500
001 10129
100 _aNkrumah, K
245 _aI speak of freedom
260 _a
_bHeinemann
_c
090 _c7875
_d7875
942 _aNUST-CAE
_cM
_c34572
999 _c245202
_d245202